000 00436ntaaa2200169 4500
003 01
005 20251027201607.0
008 0714s1973 ag 01
040 _aAR-BaBN
_bspa
_cAR-BaBN
_eaacr
_dRIC
082 _a230.0000 T21
100 _aTaylor, John Randolph
_914537
245 _aGod Loves Like That! The Theology of James Denney.
250 _a1 ed. :
_bSCM Press,
_cc/962
300 _a210 p.
650 _aTeologĂ­a
942 _cBK
999 _c10515
_d10515